000
00323nam a2200121Ia 4500
008
220204s9999 xx 000 0 und d
082
_a
79.092 (100)
_b
LOK
100
_a
Lokesh Sharma
245
0
_a
Wills book of excellence: The Olympics
260
_a
Calcutta
_b
Orient Longman
_c
1984
650
_a
Olympic games
942
_c
BK
999
_c
38421
_d
38421